000 01145pam a2200301 a 4500
001 479086
003 NUST-PNEC
005 20170116180706.0
008 840418s1986 nyua b 001 0 eng
010 _a 84009708
020 _a0070333025
040 _aDLC
_cPNEC
050 0 0 _aTJ900
_b.P79 1986
082 0 0 _a621.60202 KAR
_219
100 _9367
_aKarassik, Igor J.
245 0 0 _aPump handbook /
_cedited by Igor J. Karassik ... [et al.]
250 _a2nd ed.
260 _aNew York :
_bMcGraw-Hill,
_cc1986.
300 _a1 v. (various pagings) :
_bill. ;
_c24 cm.
500 _ahttp://www.amazon.com/Pump-Handbook-Igor-J-Karassik/dp/0070333025/ref=sr_1_1?s=books&ie=UTF8&qid=1411634932&sr=1-1&keywords=0070333025
504 _aIncludes bibliographies and index.
650 0 _aPumping machinery
_xME
700 1 _aKarassik, Igor J.,
_d1911-
856 4 2 _3Contributor biographical information
_uhttp://www.loc.gov/catdir/enhancements/fy0602/84009708-b.html
856 4 2 _3Publisher description
_uhttp://www.loc.gov/catdir/enhancements/fy0602/84009708-d.html
906 _a7
_bcbc
_corignew
_d1
_eocip
_f19
_gy-gencatlg
942 _2ddc
_cBK
999 _c60750
_d60750